Применение математических методов при структурных, литолого-фациальных и прогнозных построениях в нефтяной геологии

Бібліографічні деталі
Автор: Арабаджи М. С. Михаил Степанович
Мова:Російська
Опубліковано: Москва, Недра, 1978
Предмети:
Формат: Книга
KOHA link:https://koha.lib.tpu.ru/cgi-bin/koha/opac-detail.pl?biblionumber=67055

MARC

LEADER 00000nam0a2200000 4500
001 67055
005 20231101212308.0
035 |a (RuTPU)RU\TPU\book\71413 
090 |a 67055 
100 |a 20040913d1978 k y0rusy50 ca 
101 0 |a rus 
102 |a RU 
105 |a a z 001zy 
200 1 |a Применение математических методов при структурных, литолого-фациальных и прогнозных построениях в нефтяной геологии  |f М. С. Арабаджи 
210 |a Москва  |c Недра  |d 1978 
215 |a 176 с.  |c ил. 
320 |a Библиогр.: с. 167-169 
606 |a Нефтяные месторождения  |x Геология  |2 stltpush  |3 (RuTPU)RU\TPU\subj\45952  |9 65141 
610 1 |a геология 
610 1 |a математические методы 
610 1 |a геологические данные 
610 1 |a дисперсионный анализ 
610 1 |a корреляция 
675 |a 553.982  |v 3 
700 1 |a Арабаджи  |b М. С.  |g Михаил Степанович 
801 1 |a RU  |b 63413507  |c 20040913  |g PSBO 
801 2 |a RU  |b 63413507  |c 20171226  |g PSBO 
942 |c BK